[Event "FIDE Candidates 2026"]
[Site "Pegeia, Cyprus"]
[Date "2026.03.31"]
[Round "3.3"]
[White "Caruana, Fabiano"]
[Black "Wei, Yi"]
[Result "1-0"]
[WhiteElo "2795"]
[BlackElo "2754"]
[Annotator "Mark Crowther"]
[PlyCount "37"]
[EventDate "2026.??.??"]
[TimeControl "40/7200:1800+30"]

{[%evp 0,37,22,13,15,6,25,0,6,12,63,66,83,12,20,-5,-5,-5,2,9,9,7,36,38,33,32,63,41,38,27,49,31,31,9,54,74,230,230,302,306]} 1. Nf3 {Roiz,Michael} Nf6 2. c4 c5 3. g3 g6 4. Nc3 d5 5. cxd5 Nxd5 6. Bg2 Bg7 7. Qa4+ {The third most popular move.} ({RR} 7. O-O Nc6 8. Nxd5 Qxd5 9. d3 O-O 10. Be3) ({RR} 7. Qb3) ({RR} 7. Ng5 e6 8. Nge4 Na6 9. d3 O-O 10. O-O b6 11. Bg5 f6 12. Nxd5 exd5 13. Nc3 Be6 14. Bf4 Qd7 15. d4 Rad8 16. Rc1 cxd4 17. Qxd4 g5 18. Bd2 Nc5 19. Qb4 d4 20. Ne4 d3 21. e3 Nxe4 {Vitiugov,N (2729)-Kramnik,V (2796) Nizhnij Novgorod 2013 ½-½ (49)}) 7... Nc6 8. Ng5 ({RR} 8. Qc4 Ndb4 9. O-O Qa5 ({RR} 9... Na6 10. d3 O-O 11. Qh4) 10. a3 Be6 (10... Nc2 11. Rb1 Be6 12. Qh4 Bb3 13. d3 N2d4 14. Nxd4 Nxd4 15. Be3 Nf5 16. Qe4 O-O 17. Bd2 Rfe8 18. Qxb7 Rab8 19. Ne4 Rxb7 20. Bxa5 Rb5 21. Bc3 Nd4 22. Rfe1 Reb8 {Neef,M (2481)-Yoo,C (2573) Charlotte USA 2022 ½-½ (98)}) 11. axb4 Qxa1 12. Qxc5 Rc8 13. Qe3 O-O) ({RR} 8. O-O O-O 9. Qc4 Nxc3 10. dxc3 Qb6 11. Qh4 Rd8) 8... Nb6 $146 {The first new move, which caused Caruana to think for about eight minutes. An interesting new idea.} ({Predecessor: RR} 8... e6 {is by far the main move.} 9. Nge4 Nb6 10. Qb5 (10. Qd1 Qe7 11. d3 h6 12. Be3 Nd4 13. a4 O-O 14. a5 Nd7 15. O-O {1-0 Artemiev,V (2701)-Raja,R (2521) Qatar Masters op-A Doha 2024 (7)}) ({RR} 10. Qa3 O-O 11. Qxc5 Nd4 12. O-O f5 13. Nd6 Nc2 14. Rb1 Bd4) 10... c4 ({RR} 10... O-O 11. Nxc5 Nd4 12. Qd3 Qe7 13. Nb3 e5) 11. Na4 $2 (11. d3 $5) (11. O-O) ({RR} 11. b3 O-O 12. bxc4 Nd4 ({RR} 12... f5 13. Nc5 a6 14. Qb3 Nd4 15. Qd1 Nxc4) 13. Qb1 Nxc4 14. O-O f5 15. Nc5 Qb6 16. Nb3 Bd7 ({RR} 16... Nb5 17. Nxb5 Qxb5 18. d3 Nb6 19. Bb2) 17. Nxd4 Qxd4 18. e3 Qd6 19. Qxb7 Rab8 20. Qxa7 Bc6) 11... O-O ({RR} 11... f5 12. Nxb6 axb6 13. Nc3 Bd7 14. Qxc4 Nd4 15. Qd3 Bc6 16. Bxc6+ bxc6) 12. Nxb6 axb6 13. Qxc4 e5 14. Qc2 ({RR} 14. d3 Be6 15. Bg5 Bxc4 ({RR} 15... Qb8 16. Qc1 Nd4 17. Nc3) 16. Bxd8 Rfxd8 17. dxc4 f5 (17... Nd4 18. Rc1 Rxa2 19. e3 Nc6 20. Rb1 Ra4 21. b3 Ra3 22. g4 Rd3 23. Ke2 {Hjartarson,J (2585)-Malisauskas,V (2510) Moscow 1994 ½-½ (39)}) 18. Nc3 e4) 14... Be6 ({RR} 14... Nd4 15. Qb1 f5 16. Nc3 e4 17. d3 b5 18. Be3 b4 19. Nd1 Re8) 15. Nc3 ({RR} 15. Qb1 f5 16. Nc3 b5 17. Nxb5 Bd5 18. f3 e4) ({RR} 15. O-O Nd4 16. Qd1 Bb3 17. axb3 Rxa1) 15... b5 $2 {0-1 So,W (2779)-Vachier Lagrave,M (2731) Sinquefield Cup 3rd Saint Louis 2015 (1)} ({RR} 15... Nd4 16. Qb1 Qd7 17. O-O Rfc8) 16. Bxc6 ({RR} 16. Nxb5 Bd5 17. e4 Bxa2 18. O-O Qb6 19. Na3 Nd4) ({RR} 16. b4 Nd4 17. Qb1 Bf5 18. e4 Be6 19. O-O) 16... bxc6 17. b3 ({RR} 17. Ne4 Bxa2 18. O-O Qd4) 17... Bf5 18. d3 ({RR} 18. e4 Bh3 19. d3 Qd7 20. Be3 Bg2 21. Rg1 Bf3) 18... e4 19. dxe4 Bxe4 20. Nxe4 Bxa1 21. O-O Re8 22. f3 ({RR} 22. Be3 Bg7 23. Nc5) 22... Bd4+ 23. e3 {So,W (2779)-Vachier Lagrave,M (2731) Saint Louis 2015 CBM 168 [Roiz,Michael] 0-1 (35)} ({RR} 23. Kg2 f5 24. Nf2 ({RR} 24. Bg5 Qd5 25. Nf6+ Bxf6 26. Bxf6 Qe6) 24... Qe7 25. e4 Qc5 26. Qb1 Qc3) {RR} 23... f5 24. exd4 fxe4 25. fxe4 Qxd4+ 26. Kg2 Qxe4+ 27. Qxe4 Rxe4) ({RR} 8... Nxc3 9. dxc3 O-O 10. Ne4) 9. Bxc6+ {Caruana has played this kind of trade on the black side of the King's Indian Defense. He now does it with White. The position is equal.} bxc6 10. Qxc6+ Bd7 11. Qxc5 h6 $1 12. Nf3 Rc8 13. Qa5 Bh3 {Black is two pawns down, but with full compensation based on the white king being stuck in the center and the domination on the light squares.} 14. Qb5+ {Caruana thought for about 18 minutes before playing this move, and by now he was 50 minutes down on the clock.} Nd7 (14... Bd7 $6 15. Qd3 {And now Black cannot play ...Bh3 without allowing a queen trade.}) (14... Kf8 {Caruana thought this was the critical move. He calculated} 15. d4 Nc4 16. Qd5 {This was his bailout option, but he also considered 16.Be3.} (16. Be3 $5 {\"Black has very strong compensation, but it's not very concretely bad for White or anything,\" said Caruana.})) 15. Rg1 O-O (15... Bg4 {Knowing what happens in the game, it may have been time to remove the bishop from h3. It has already done its job, stopping castling.} 16. Kf1 Bh3+ {is a cute repetition that the computer finds. White is unable to castle by hand.} 17. Ke1 Bg4 18. Qa4 Bxf3 19. exf3 O-O {is another way the game might continue. Black has full compensation based on White's king position and the ruined pawn structure, even two pawns down.}) (15... Be6 {is really the best idea.}) 16. g4 $1 {Caruana thought he might be better by this point.} Rc5 $2 {[%eval 90,17] [%wdl 374,626,0] Chasing the queen to where it wants to go. From b3, it x-rays the bishop on h3. Already Caruana had seen the Nd1 maneuver. [#]} (16... Nf6 $1 $11 {[%eval 23,19] [%wdl 21,977,2] was the only move already, attacking g4.} 17. Qa4 {Caruana calculated the line} (17. g5 hxg5 18. Nxg5 Bd7 {And the bishop gets out. White's king is still in the center, and the bishop remains undeveloped.}) (17. Ne5 h5 {This is the key move to extricate the bishop from danger.}) 17... h5 (17... Qc7 {Defending a7 and connecting the rooks. Black has a response if White attempts to win the bishop.} 18. Rg3 h5 $1 {And if} 19. Rxh3 (19. gxh5 Bd7 {Black recaptures on h5 and the bishop is saved.}) 19... hxg4 {Black regains the piece.}) 18. gxh5 Nxh5 19. d4 {and thought White was better. The engine confirms.}) ({Wei Yi considered and rejected} 16... f5 $2 17. g5) ({Caruana also considered} 16... h5 $2 17. gxh5 Rc5 18. Qb7 (18. Qb3 Be6) 18... Rxh5 19. Rg5 {He saw all of these moves and said the position was still very complicated. The engine eval is over +1, very good for White, but it wasn't so clear to Caruana.}) 17. Qb3 $1 $16 {aiming for d4.} Ne5 $4 {[%eval 319,14] [%wdl 1000,0,0] An obvious and losing move.} ({The computer suggests the following line, though White is better in all cases.} 17... Nf6 18. d4 $1 Rc8 19. g5 {This was the line Caruana calculated.} ({The engine shows} 19. Ne5 $1 {White has to find these two moves to keep a large advantage. At least the game is still messy.} Qxd4 20. Nxg6 Nxg4 21. Nd1 Rfe8 22. Rg3 Rb8 23. Nxe7+ Kf8 24. Qd3 Qb4+ 25. Bd2 Qxe7 26. Rxh3 {White is still two pawns up and Black will have to prove the compensation. Still, this is messier than the game, which lasts just two more moves.}) 19... hxg5 20. Nxg5 Bf5 21. e4 Nxe4 $2 (21... Rxc3 $1 {The engine points this out.} 22. bxc3 Nxe4 {with great compensation.}) 22. Ngxe4 Qxd4 23. Be3 Qe5 {White is better, though Caruana said he was still trying to figure this position out.}) (17... Qc7 $16 {[%eval 91,20] [%wdl 390,610,0] keeps fighting.}) 18. Nxe5 $18 Rxe5 19. Nd1 {Black simply resigns. He's going to lose the bishop for, at most, a pawn. He's already two pawns down. and a piece has gone west.} (19. Rg3 Qa8 {And Black has some counterplay, maybe. This is what Wei saw and he missed the move played in the game.}) 1-0

[Event "FIDE Candidates 2026"]
[Site "Pegeia, Cyprus"]
[Date "2026.03.31"]
[Round "3.4"]
[White "Nakamura, Hikaru"]
[Black "Giri, Anish"]
[Result "1/2-1/2"]
[WhiteElo "2810"]
[BlackElo "2754"]
[Annotator "Mark Crowther"]
[PlyCount "81"]
[EventDate "2026.??.??"]

{[%evp 0,81,22,-5,6,-5,-18,-18,-15,-35,-2,-2,0,11,11,-4,21,9,24,22,36,30,48,-3,26,25,46,-3,-8,0,7,-18,-6,-16,37,-23,-30,-29,-21,-37,-24,-30,-34,-31,-31,-41,-30,-28,-26,-37,-18,-37,-28,-32,-23,-39,-35,-36,-33,-28,-35,-50,-7,-26,-34,-34,-16,-19,9,-14,-8,-16,6,-4,2,1,0,0,-1,0,20,9,13,-6]} 1. c4 Nf6 2. Nc3 e5 3. Nf3 Nc6 4. d3 d5 5. cxd5 Nxd5 6. e4 Nf6 {A28: English Opening: Four Knights Variation.} 7. Be2 Bg4 ({RR} 7... Bc5 8. O-O O-O 9. Be3 Bb6 10. Na4 Bg4 11. Rc1 Bxf3 12. Bxf3 Nd4 13. Nc5 Rb8 14. Rc4 Nxf3+ 15. Qxf3 Nd7 16. b4 Re8 17. Rd1 Bxc5 18. bxc5 Nf8 19. c6 b6 20. d4 exd4 21. Rcxd4 Qe7 22. Qg3 {Caruana,F (2822)-Karjakin,S (2782) Stavanger 2018 1-0 (53)}) ({RR} 7... Be7 8. O-O Bg4 9. Be3 O-O 10. Rc1 Bxf3 11. Bxf3 Nd4 12. Bxd4 Qxd4 13. Qb3 Qb6 14. Nd5 Nxd5 15. exd5 Bd6 16. Rc3 f5 17. Rfc1 g6 18. Rc4 Qxb3 19. axb3 a5 20. g3 Rf7 21. Kg2 Ra6 22. Ra1 {Meirkhanuly,A (2277)-Gharibyan,M (2487) chess.com INT 2026 0-1 (36)}) 8. Be3 {Against Bc5} Qd7 9. O-O Bxf3 $146 ({RR} 9... O-O-O 10. Qa4 a6 11. Rac1 Bxf3 12. Bxf3 Nd4 13. Bd1 Qxa4 14. Nxa4 Kb8 15. f4 exf4 16. Bxf4 Ne6 17. e5 Nd5 18. Bd2 b5 19. Nc3 Nb4 20. Rxf7 Nxd3 21. Bg4 Nxc1 22. Bxc1 Bc5+ 23. Kf1 Rhe8 24. Ne4 {Strache,M (2275)-Meister,J (2422) Germany GER 2024 0-1 (39)}) ({RR} 9... O-O-O 10. Qa4 a6 11. Rac1 Bxf3 12. Bxf3 Nd4 13. Bd1 Qxa4 14. Nxa4 Kb8 15. f4 exf4 16. Bxf4 Ne6 17. e5 Nd5 18. Bd2 b5 19. Nc3 Nb4 20. Rxf7 Nxd3 21. Bg4 Nxc1 22. Bxc1 Bc5+ 23. Kf1 Rhe8 24. Ne4 {Strache,M (2275)-Meister,J (2422) Germany GER 2024 0-1 (39)}) 10. Bxf3 Nd4 $146 ({Predecessor:} 10... Rd8 11. Nd5 Be7 12. d4 exd4 13. Bxd4 Nxd4 14. Qxd4 c6 15. Nxf6+ Bxf6 16. Qxa7 O-O 17. Rad1 Bd4 18. Qa4 c5 {½-½ Denk,S (1946)-Kraich,K (2100) Regionalliga NW 0809 Bayern 2008 (3.3)}) 11. g3 Bc5 12. Rc1 Bb6 13. Bg2 O-O 14. Na4 Rfd8 15. a3 h6 16. Re1 Rac8 17. h3 Ne6 18. Nxb6 axb6 19. Bf1 c5 20. Qe2 Nd4 21. Bxd4 Qxd4 22. Rc4 Qd7 23. b4 Ne8 24. bxc5 bxc5 25. Qb2 Nd6 26. Rcc1 Re8 27. Rb1 b5 28. Rec1 Qe6 29. Qb3 c4 30. Qb4 Rc7 31. a4 bxa4 32. Qxa4 Qe7 33. Rc3 Rec8 34. Bg2 cxd3 35. Rxd3 Ne8 36. Qa3 Qxa3 37. Rxa3 Rc1+ 38. Rxc1 Rxc1+ 39. Bf1 Nf6 40. Kg2 g6 41. Ra5 1/2-1/2

[Event "FIDE Candidates 2026"]
[Site "Pegeia, Cyprus"]
[Date "2026.04.01"]
[Round "4.1"]
[White "Esipenko, Andrey"]
[Black "Giri, Anish"]
[Result "0-1"]
[WhiteElo "2698"]
[BlackElo "2753"]
[Annotator "Peter Doggers"]
[PlyCount "68"]
[EventDate "2026.??.??"]
[WhiteTeam "RUS"]
[BlackTeam "NED"]
[WhiteClock "0:00:12"]
[BlackClock "0:09:00"]

{[%evp 0,68,22,22,72,72,92,48,85,41,48,33,68,58,107,45,73,30,28,11,17,8,40,-17,-18,-3,13,-22,-48,-48,-28,-27,-38,-76,46,45,56,-39,-25,-59,-50,-57,-59,-86,-69,-94,-61,-90,-106,-103,-76,-119,-119,-119,-159,-384,-184,-194,-224,-238,-227,-227,-215,-225,-194,-226,-532,-590,-600,-600,-600]} 1. e4 {Mark Crowther} c5 2. Nf3 d6 3. d4 cxd4 4. Nxd4 Nf6 5. Nc3 a6 6. Bg5 e6 7. Bd3 $5 {A move that's not mentioned in Giri's Najdorf Lifetime Repertoire on Chessable, but the Dutchman was still prepared for it.} Be7 8. Qe2 {Mark Crowther: 'B95: Sicilian Najdorf: 6 Bg5 e6, unusual White 7th moves.'} Nxe4 {Mark Crowther: 'Discovered Attack'} 9. Nxe4 Bxg5 {Mark Crowther: '[#]'} 10. Nf5 Be7 ({RR} 10... exf5 {Mark Crowther} 11. Nxg5+ Kf8 12. h4 h6 13. Nf3 Qe7 14. O-O-O Nc6 15. Rhe1 Be6 16. Bc4 Re8 17. Qd2 Rd8 18. Nd4 d5 19. Bb3 Qf6 20. Qe3 Nxd4 21. Rxd4 g5 22. Qd2 gxh4 23. Qb4+ Qe7 24. Rxh4 Qxb4 25. Rxb4 {Hausner,I (2480)-Ftacnik,L (2565) Czech Republic 1994 ½-½ (61)}) 11. Nxg7+ Kd7 $146 {Mark Crowther: 'This was preparation from Giri although he never expected so see it over the board.'} ({Giri was surprised to hear that there is one game in the database that went Mark Crowther: 'Predecessor:' Mark Crowther: 'RR'} 11... Kf8 $6 12. Nh5 d5 $6 13. Neg3 Nc6 14. O-O Bd7 15. c4 {and White was doing well in Orgovan-Stempin, Bydgoszcz 1980.} d4 {Mark Crowther} 16. a3 a5 17. Rad1 Qc7 {½-½ Orgovan,S (2240)-Stempin,P (2255) Bydgoszcz U20 1980} 18. b3 {Mark Crowther} Rd8 19. Rfe1 h6 20. Ne4 f5 21. Nef6 Bc8 22. Qf3 Bxf6 23. Nxf6 Qf7 24. Nh5 e5 25. Qh3 e4 26. Bb1 {Orgovan,S (2240)-Stempin,P (2255) Bydgoszcz 1980 ½-½}) 12. O-O Nc6 13. c4 Kc7 {Mark Crowther: 'A sharp opening'} ({Giri kept mentioning in the press conference that he is working on a second course. This author wouldn't be surprised if he is going to recommend} 13... h5 $5 14. Nxh5 f5 15. Neg3 Kc7 {here, when the open file might play more comfortably for Black than having the extra pawn on h7.}) 14. Nh5 Bd7 15. Rfd1 Rc8 16. b4 $1 {Esipenko couldn't remember after the game if he had played b2-b4 on the right move number, but it seems he did.} Nxb4 {[%eval 39,17] [%wdl 44,955,1] Slightly risky.} ({Safer was Mark Crowther: 'Black could try'} 16... Kb8 {[%eval -22,18] [%wdl 2,978,20] Mark Crowther: '='} 17. Qb2 Ne5) 17. Rab1 {Mark Crowther: ''} Nxd3 $6 ({It's more accurate to start with} 17... Ba4 {Mark Crowther: 'This is black's best try.'} 18. Rd2 {and only then play} Nxd3 19. Rxd3 Kb8 {but it's part of a long engine line:} 20. Ra3 d5 21. Rxa4 dxe4 22. Qxe4 Rc7 23. Rxa6 Bc5 {and Black is OK.}) 18. Qxd3 $2 {[%eval -139,19] [%wdl 0,101,899] Mark Crowther: '[#]'} ({After} 18. Rxd3 $1 {[%eval 82,22] [%wdl 271,729,0] Mark Crowther: '' Mark Crowther: 'is the only move to be better for white.'} Bc6 {White gets} 19. c5 {in and after} d5 {the point is} 20. Ng5 $1 {when White does have a dangerous initiative.}) 18... Ba4 $1 {This remarkable intermediate move saves the day for Black. The whole c4-c5 idea is gone now which means Black's king is safe and their bishop pair, open g-file, and central pawns are starting to play a decisive role. Mark Crowther: '!' Mark Crowther: 'Black continues to play with concentration.'} 19. Rd2 Kb8 20. Rdb2 {[%eval -204,16] [%wdl 0,3,997] Mark Crowther: '?' Mark Crowther: 'This irrational position is hard to play but white has gone from better to lost in only a few moves.'} (20. Qd4 $17 {[%eval -132,19] [%wdl 0,142,858] (Mark Crowther) is a better defense.} Bc6 21. Nxd6) 20... Bc6 {Mark Crowther: '-+'} 21. c5 {[%eval -324,17] [%wdl 0,0,1000]} (21. Nf4 $142 {[%eval -178,20] [%wdl 0,12,988] Mark Crowther} Ka8) 21... dxc5 22. Qxa6 Qd5 {Black is taking over. Mark Crowther: 'Hitting absolutely everything.'} 23. f3 Rc7 24. Nhg3 Rd8 25. Nf2 c4 26. Nge4 f5 27. Nc3 Qc5 28. Re2 Bf6 29. Na4 Bxa4 30. Qxa4 c3 31. Qc2 Bg5 32. Kf1 Qc4 33. Rd1 Rd2 34. Rdxd2 cxd2 {0-} 0-1

[Event "FIDE Candidates 2026"]
[Site "Pegeia, Cyprus"]
[Date "2026.04.01"]
[Round "4.2"]
[White "Wei, Yi"]
[Black "Nakamura, Hikaru"]
[Result "1/2-1/2"]
[WhiteElo "2754"]
[BlackElo "2810"]
[Annotator "Peter Doggers"]
[PlyCount "123"]
[EventDate "2026.??.??"]
[WhiteTeam "CHN"]
[BlackTeam "USA"]
[WhiteClock "0:07:20"]
[BlackClock "0:03:48"]

{[%evp 0,123,22,22,72,50,78,94,79,79,62,57,65,78,138,89,89,97,115,73,62,57,89,82,66,48,48,48,51,25,36,16,44,45,45,28,36,33,45,29,33,32,43,-23,25,18,9,11,6,6,-9,-19,-36,-68,30,35,72,56,52,6,6,6,5,-25,-55,-69,-69,-62,-66,-83,-82,-84,-84,-85,-71,-72,-80,-80,-92,-88,-102,-149,-153,-180,-153,-153,-88,-88,-95,-99,-91,-101,-98,-114,-105,-111,-108,-114,-114,-115,-116,-121,-119,-119,-92,-119,-119,-128,-123,-124,-119,-128,-124,-128,-128,-128,-34,-39,-9,-5,-4,-3,-2,-2,-2,-2]} 1. e4 c5 2. Nf3 d6 3. Nc3 ({Afterward Nakamura noted that he knew the risks of playing the Dragadorf he was taking because of the following game:} 3. d4 cxd4 4. Nxd4 Nf6 5. Nc3 g6 6. Be3 Bg7 7. f3 a6 8. Qd2 b5 9. a4 b4 10. Nd5 Nxd5 11. exd5 Bb7 12. Bc4 Nd7 13. a5 Nf6 14. Ne2 O-O 15. Ra4 Rc8 16. b3 Rc5 17. Rxb4 Rxd5 18. Bxd5 Bxd5 19. Rb6 {Kramnik-Nakamura, Stavanger (blitz) 2017. White was winning here but eventually let it slip to a draw.}) 3... Nf6 4. Bc4 $5 a6 5. d4 cxd4 6. Nxd4 g6 {Nakamura was hoping to catch his opponent off-guard with this slightly risky system.} 7. f3 b5 ({RR} 7... h5 8. Be3 Bg7 9. Qd2 b5 10. Bb3 Nbd7 11. a4 bxa4 12. Nxa4 Bb7 13. O-O-O Qc7 14. Kb1 Rb8 15. Qe2 e5 16. Ne6 fxe6 17. Bxe6 Ke7 18. Bb3 Bc8 19. Rd3 Nf8 20. Rhd1 Ne6 21. Rxd6 Re8 22. Nb6 {Demski,M (2119)-Aroven,M (2125) Wroclaw POL 2025 1-0}) 8. Bb3 Bb7 {Mark Crowther: 'Around here Wei Yi starting using lots of time.'} 9. Be3 Nbd7 10. a4 $6 {[%eval 11,21] [%wdl 27,962,11] Mark Crowther: 'N'} ({Better is Mark Crowther: 'RR'} 10. Qd2 {[%eval 76,19] [%wdl 277,722,1] and White is doing quite well here. Mark Crowther: ''} Qc7 (10... Bg7 11. O-O-O Nc5 12. Kb1 Rc8 13. Bh6 Nxb3 14. cxb3 Bxh6 15. Qxh6 b4 16. Na4 Qa5 17. Rc1 Qh5 18. Rxc8+ Bxc8 19. Rc1 Bb7 20. Qxh5 Nxh5 21. Rc7 Bxe4+ 22. fxe4 O-O 23. Rxe7 Rc8 24. g3 Nf6 {Qatan,S (1637)-Al Mamari,M (1527) Muscat 2022 1-0 (34)}) 11. O-O-O Rc8 12. Kb1 Ne5 13. g4 Nc4 14. Bxc4 Qxc4 15. Nb3 Bg7 16. Bd4 O-O 17. Na5 Qc7 18. Nxb7 Qxb7 19. Nd5 Nxd5 20. Bxg7 Kxg7 21. exd5 Rh8 22. Rhe1 h5 23. h3 Qa7 24. Re4 hxg4 {Inants,A (2288)-Arnold,M (2504) Budapest 2011 ½-½}) 10... bxa4 11. Bxa4 Bg7 12. Nc6 {Mark Crowther: 'N'} ({Predecessor:} 12. O-O O-O 13. Qe2 Rc8 14. Rfd1 Qc7 15. Qf2 Ne5 16. Bb3 Nc4 17. Bxc4 Qxc4 18. Nb3 {½-½ Gerlach,F (1956)-Schimnatkowski,L (1970) Ruhrgebiet Verbandsklasse Gruppe 3 1617 Germany 2016 (7.1)}) 12... Qc7 13. Na5 O-O 14. Bxd7 Nxd7 {Black has equalized here.} 15. Bd4 Bh6 16. O-O e6 17. Qe1 Rab8 18. Qh4 Bg7 19. Bxg7 Kxg7 20. Qf2 Bc8 21. Nd1 Nf6 22. c4 d5 23. cxd5 exd5 24. e5 Ng8 25. Nc3 Ne7 26. Rfc1 Qd8 27. Rd1 {Mark Crowther: 'Hoping for Nxd5!.'} Be6 {Mark Crowther: 'With Wei Yi short of time Nakamura's instincts were to keep things complicated.'} 28. Nc4 {Mark Crowther: '[#] Pin'} Nf5 29. Nd6 (29. Rxa6 $2 Qc8 30. Rxe6 fxe6 $19) 29... Nxd6 30. exd6 Qxd6 31. Qd4+ Kg8 32. Nxd5 (32. Ne4 Qb6 33. Nf6+ Kg7 34. Qxb6 Rxb6 35. Nxd5 Rxb2 $15) 32... Bxd5 33. Qxd5 Qb6+ 34. Qd4 Qxd4+ 35. Rxd4 Rxb2 36. Rxa6 {Mark Crowther: '='} Rc8 {Mark Crowther: 'This position is of course completely equal but Wei Yi's very uncertain attitude during the game continued and he got himself into trouble. He needs a rook off or to defend g2 reliably.'} 37. h4 {Mark Crowther: 'Still not a problem but time trouble is coming.'} (37. Ra1 Rcc2 38. Rg4 h5 39. Rg5 Kg7 40. f4 f6 41. Rg3 h4 42. Rg4 f5) 37... Rcc2 38. Rg4 h5 39. Rg5 ({Easier was} 39. Rg3 {Mark Crowther: 'This is the simplest.'} Rb4 40. Rh3 Rcc4 (40... Rbb2) 41. Ra2 Rxh4 42. Rxh4 Rxh4 43. Kf2 {(Nakamura)}) 39... Rc4 {Now the h-pawn drops, and it becomes a bit tricky for White.} 40. Kh2 $2 {[%eval -329,14] [%wdl 0,0,1000] Mark Crowther: 'Final move before time control and he finds a losing move. What he missed is Kg3 is very bad.'} ({Here White should have played} 40. Ra1 {[%eval 0,31] [%wdl 2,996,2] Mark Crowther: '='} Rxh4 41. Rga5 Rd4 42. R5a2 Rbb4 43. Kh2 {(Nakamura)}) 40... Rxh4+ {Mark Crowther: '-+'} 41. Kg1 (41. Kg3 Rh1 42. Ra4 Kg7 43. Rd4 Rf1 44. Rgd5 Rff2) 41... Rb1+ 42. Kf2 Rhh1 {\"Now I became optimistic about my chances.\" (Nakamura)} 43. Ra2 Kg7 {[%eval -122,19] [%wdl 0,197,803]} ({The winning move was} 43... h4 $1 44. Rg4 (44. Ke3 Rhe1+ 45. Re2 Rf1 46. Kf4 Rb3 47. Re3 Rb2 48. Rg4 Rh1 49. Re4 Kg7 50. Rc4 (50. Ke5 h3) 50... f5 51. Rg5 Kh6 52. Ra4 Rhb1) 44... Rhf1+ 45. Ke3 (45. Ke2 Rbe1+ 46. Kd2 Re8 47. Ra3 Rf2+ 48. Kd3 h3) 45... h3 46. gxh3 Rb3+ 47. Ke2 Rfxf3 48. h4 Kg7 {followed by Rbe3+ and Re5 cutting off the king.}) 44. Re5 $6 {[%eval -240,18] [%wdl 0,0,1000]} (44. Ke3 $17 {[%eval -122,19] [%wdl 0,197,803]}) 44... Kh6 45. Ree2 Rhf1+ $2 {[%eval -31,21] [%wdl 0,988,12] Mark Crowther: 'Nakamura chooses the wrong plan and Wei Yi escapes.'} ({Mark Crowther: 'Better is'} 45... Kg5 {[%eval -227,18] [%wdl 0,0,1000] Mark Crowther: '-+' Mark Crowther: 'and ...Rhf1+ would now be decisive'} 46. Ra4 (46. Rec2 f5) 46... f5 {would still have won because White cannot prevent ...h5-h4. Nakamura felt this second win was really the one he should have calculated properly.}) 46. Kg3 {Mark Crowther: ''} Kg5 {Mark Crowther: '(...h4+)'} 47. Ra4 Rh1 48. Ree4 $1 {A crucial setup that prevents ...h5-h4. White is safe.} Rb2 {Even though the evaluation doesn't change, Nakamura in his recap called this a blunder because it allows a rook trade after which White is completely safe.} (48... f5 {was a better try when White needs to find} 49. Rh4 Rhg1 50. Rhb4 Rbe1 51. Ra8 Re2 52. f4+ Kh6 53. Rh8+ Kg7 54. Rbb8 {(Nakamura)}) 49. Rab4 Rxb4 50. Rxb4 h4+ 51. Kf2 f5 52. Ra4 Rb1 53. Rc4 Ra1 54. Rb4 Rd1 55. Ra4 Rb1 56. Rc4 Rb2+ 57. Kg1 h3 58. gxh3 f4 59. h4+ Kxh4 60. Rxf4+ Kg3 61. Rg4+ Kxf3 62. Rxg6 1/2-1/2